01242nam a22002057a 45000010005000000030006000050050017000110080041000280200018000690400029000870500013001160820008001291000021001372450090001582600036002483000047002845200654003316500025009857000026010103416FISKH20240520144756.0240304b cb ||||| |||| 00| 0 eng d a9781107615823 aFISKHbengcFISKHdFISKH aQA107.2  a421 aMoseley, Cherri  aCambridge primary Mathematics stage 2 learner's book /cCherri Moseley and Janet Rees aNew York : bCambridge, c2016. a77 pages : bcolor illustrations ; c28 cm aThis series is endorsed by Cambridge International Examinations and is part of Cambridge Maths. Children will enjoy learning mathematics with this fun and attractive learner's book for stage 2. A variety of questions, activities, investigations and games that are designed to reinforce the concepts learnt in the core activities in the teacher's guide and address misconceptions are included along with hints and tips. Clear, often pictorial, explanation of mathematical vocabulary will help children learn new terms whether they are native English speakers or second language speakers and great care has been made to ensure language is accessible.  aMathematics Learner  aRees, Janet eAuthor